Opposites / (Record no. 7320)

MARC details
000 -LEADER
fixed length control field 00959nam a22002657a 4500
001 - CONTROL NUMBER
control field 7320
003 - CONTROL NUMBER IDENTIFIER
control field FISKH
005 - DATE AND TIME OF LATEST TRANSACTION
control field 20250709133006.0
008 - FIXED-LENGTH DATA ELEMENTS--GENERAL INFORMATION
fixed length control field 250709b cb ||||| |||| 00| 0 eng d
020 ## - INTERNATIONAL STANDARD BOOK NUMBER
International Standard Book Number 9788120754706
040 ## - CATALOGING SOURCE
Original cataloging agency FISKH
Language of cataloging eng
Transcribing agency FISKH
Modifying agency FISKH
050 ## - LIBRARY OF CONGRESS CALL NUMBER
Classification number PE1591 .D424
082 ## - DEWEY DECIMAL CLASSIFICATION NUMBER
Classification number 428.1
100 ## - MAIN ENTRY--PERSONAL NAME
Personal name Degrie, Eve
245 ## - TITLE STATEMENT
Title Opposites /
260 ## - PUBLICATION, DISTRIBUTION, ETC.
Place of publication, distribution, etc. New Delhi :
Name of publisher, distributor, etc. Sterling,
Date of publication, distribution, etc. 2010.
300 ## - PHYSICAL DESCRIPTION
Extent 10 unnumbered pages :
Other physical details color illustrations ;
Dimensions 24 cm
505 ## - FORMATTED CONTENTS NOTE
Formatted contents note C<br/>
520 ## - SUMMARY, ETC.
Summary, etc. For ages 4-8. Baby Bug's ears are up. Baby Lola's are down. Baby Daffy is neat. Baby Taz is messy. This delightful board book illustrated by Drew Rose stars the whole Baby Looney Tunes gang who act out each pair of opposites. Learning has never been this much fun
521 8# - TARGET AUDIENCE NOTE
Target audience note 100<br/>
Source Lexile estimate<br/>
521 8# - TARGET AUDIENCE NOTE
Target audience note C<br/>
Source Raz-Plus<br/>
650 ## - SUBJECT ADDED ENTRY--TOPICAL TERM
Topical term or geographic name entry element Opposites
Form subdivision Board Book
General subdivision Kindergarten
Chronological subdivision Preschool
942 ## - ADDED ENTRY ELEMENTS (KOHA)
Source of classification or shelving scheme Dewey Decimal Classification
Koha item type Books
Suppress in OPAC No
Holdings
Withdrawn status Lost status Source of classification or shelving scheme Damaged status Not for loan Collection Home library Current library Shelving location Date acquired Total Checkouts Full call number Barcode Date last seen Copy number Price effective from Koha item type
    Dewey Decimal Classification     Non-Fiction Footprints International School Library Network Toul Kork Campus Footprints International School Library Network Toul Kork Campus TK Primary Library Room(4th Floor), Bookcase 7, Shelves 57-60, Dark Green Books 07/09/2025   DEG 428.1 PE1591 .D424 FISTKG1A058 07/09/2025 1 07/09/2025 Books
    Dewey Decimal Classification     Non-Fiction Footprints International School Library Network Toul Kork Campus Footprints International School Library Network Toul Kork Campus TK Primary Library Room(4th Floor), Bookcase 7, Shelves 57-60, Dark Green Books 07/10/2025   DEG 428.1 PE1591 .D424 2025-1814 07/10/2025 2 07/10/2025 Books